Statistics for Books - 20th century authors - Quiz 2

Click here to take the quiz!

General Stats

  • This quiz has been taken 193 times
  • The average score is 15 of 40

Answer Stats

YearNovelAuthor% Correct
1945Animal FarmGeorge Orwell
97%
1951The Catcher in the RyeJ.D. Salinger
88%
1932Brave New WorldAldous Huxley
80%
1936Gone With the WindMargaret Mitchell
80%
1955LolitaVladimir Nabokov
79%
1902Heart of DarknessJoseph Conrad
77%
1969The GodfatherMario Puzo
75%
1996The Green MileStephen King
74%
1985The Handmaid's TaleMargaret Atwood
72%
1927To the LighthouseVirginia Woolf
65%
1952Charlotte's WebE.B. White
60%
1943The FountainheadAyn Rand
54%
1965DuneFrank Herbert
54%
1974Tinker, Tailor, Soldier, SpyJohn le Carré
50%
1910Howards EndE.M. Forster
47%
1911The Secret GardenFrances Hodgson Burnett
46%
1972Watership DownRichard Adams
44%
1998The No.1 Ladies' Detective AgencyAlexander McCall Smith
31%
1988American PsychoBrett Easton Ellis
31%
1954Lucky JimKingsley Amis
30%
1901The First Men in the MoonH.G. Wells
29%
1920Main StreetSinclair Lewis
26%
1993A Suitable BoyVikram Seth
26%
1978Tales of the CityArmistead Maupin
18%
1947Under the VolcanoMalcolm Lowry
17%
1971The BetsyHarold Robbins
16%
1940Farewell, My LovelyRaymond Chandler
16%
1903The Story of My LifeHelen Keller
15%
1938The YearlingMarjorie Kinnan Rawlings
15%
1977ComaRobin Cook
14%
1987Presumed InnocentScott Turow
13%
1970DeliveranceJames Dickey
12%
1929A High Wind in JamaicaRichard Hughes
12%
1926Show BoatEdna Ferber
11%
1980HousekeepingMarilynne Robinson
10%
1963The GroupMary McCarthy
10%
1984Foreign AffairsAlison Lurie
8%
1959The HustlerWalter Tevis
8%
1958The Best of EverythingRona Jaffe
6%
1990SeptemberRosamunde Pilcher
4%

Score Distribution

Percentile by Number Answered

Percent of People with Each Score

Your Score History

You have not taken this quiz